[Event "ESP-ch Universities"]
[Site "Leon"]
[Date "2010.05.05"]
[Round "9"]
[White "Pallardo Lozoya, Jose Vicente"]
[Black "Cuenca Jimenez, Jose Fernando"]
[Result "0-1"]
[WhiteElo "2350"]
[BlackElo "2453"]
[PlyCount "70"]
[EventDate "2010.05.03"]
[EventType "swiss"]
[EventRounds "9"]
[EventCountry "ESP"]
[SourceTitle "CBM 136 Extra"]
[Source "ChessBase"]
[SourceDate "2010.07.02"]
[SourceVersion "2"]
[SourceVersionDate "2010.07.15"]
[SourceQuality "1"]

1. e4 d6 2. Nc3 Nf6 3. g3 e5 4. Bg2 Be7 5. Nge2 O-O 6. O-O c6 7. d4 b5 8. a3
Nbd7 9. d5 cxd5 10. Nxd5 Nxd5 11. Qxd5 Rb8 12. Nc3 a6 13. Be3 Nf6 14. Qd3 h6
15. Rfd1 Qc7 16. Rac1 Bg4 17. Rd2 Rbc8 18. Nd5 Nxd5 19. exd5 Qc4 20. Bf1 Qxd3
21. Bxd3 Bf3 22. a4 Rb8 23. axb5 axb5 24. Be2 Bxe2 25. Rxe2 Rfc8 26. c3 Ra8 27.
Kg2 Ra2 28. Rce1 Rc4 29. Bb6 b4 30. f4 f6 31. fxe5 fxe5 32. cxb4 Rxb4 33. Bf2
Rbxb2 34. Rxb2 Rxb2 35. Rd1 Bd8 0-1

[Event "POR-chT 52nd"]
[Site "Vila Nova de Gaia"]
[Date "2010.07.24"]
[Round "1.2"]
[White "Rocha, Sergio MC"]
[Black "Cuenca Jimenez, Jose Fernando"]
[Result "0-1"]
[WhiteElo "2431"]
[BlackElo "2464"]
[PlyCount "268"]
[EventDate "2010.07.24"]
[EventType "team-tourn"]
[EventRounds "9"]
[EventCountry "POR"]
[SourceTitle "EXT 2011"]
[Source "ChessBase"]
[SourceDate "2010.11.26"]
[SourceVersion "1"]
[SourceVersionDate "2010.11.26"]
[SourceQuality "1"]
[WhiteTeam "Barreirense"]
[BlackTeam "Faro"]
[WhiteTeamCountry "POR"]
[BlackTeamCountry "POR"]

1. Nf3 Nf6 2. c4 g6 3. g3 Bg7 4. Bg2 O-O 5. Nc3 d6 6. b4 e5 7. Rb1 a5 8. a3
axb4 9. axb4 Re8 10. e4 c6 11. O-O d5 12. d3 Nbd7 13. Bg5 h6 14. Bd2 Nf8 15.
Qc1 Kh7 16. cxd5 cxd5 17. Nxd5 Nxd5 18. exd5 Bf5 19. Qc4 Ra3 20. Rb3 b5 21. Qc2
Qa8 22. Be3 Qa4 23. Qc6 Bd7 24. Rxa3 Qxa3 25. Qc7 Kg8 26. Bc5 Bf5 27. Ne1 Nd7
28. d6 Bf6 29. Nc2 Qxd3 30. Ne3 Be6 31. Bc6 Rd8 32. Rd1 Qb3 33. Bxb5 Bg5 34.
Be2 Ra8 35. h4 Bd8 36. Qc6 Ra2 37. Bf3 Kg7 38. Qe4 Qb2 39. Rf1 h5 40. Nd5 f5
41. Qe3 Ra3 42. Qe1 Rxf3 43. Nc7 Bf7 44. Be3 Qc2 45. Kg2 Qe4 46. Kh2 f4 47. Ba7
fxg3+ 48. fxg3 Qc2+ 49. Rf2 Rxf2+ 50. Qxf2 Qxf2+ 51. Bxf2 g5 52. hxg5 Bxg5 53.
Kg2 e4 54. Bd4+ Bf6 55. Bc5 Kg6 56. Nb5 Kf5 57. Nd4+ Bxd4 58. Bxd4 Ke6 59. Kf2
Kxd6 60. Ke3 Kd5 61. b5 Bg6 62. Ba7 Nc5 63. Kf4 Nd3+ 64. Kg5 Be8 65. Be3 Bxb5
66. Kxh5 Ne5 67. Kg5 Be2 68. Kf4 Ng4 69. Ba7 Bf3 70. Bb6 Kc4 71. Ba7 Kd3 72.
Bb6 Nf6 73. Ba7 Nh5+ 74. Kg5 Nxg3 75. Kf4 Ne2+ 76. Kf5 Bh5 77. Bb6 Ng3+ 78. Kf4
Ne2+ 79. Ke5 Be8 80. Ba7 Bc6 81. Bb6 Nc1 82. Ba7 Nb3 83. Bb6 Nd2 84. Kf4 Nf3
85. Bf2 Bd7 86. Be3 Nd4 87. Bf2 Ne6+ 88. Ke5 Nd8 89. Bg1 Bc8 90. Bf2 Nc6+ 91.
Kf4 Bh3 92. Kg3 Bf1 93. Kf4 Be2 94. Bg1 Nd4 95. Bf2 Ne6+ 96. Ke5 Ng5 97. Kf5
Nh3 98. Ba7 e3 99. Ke5 Bf3 100. Bxe3 Kxe3 101. Kf5 Nf2 102. Ke5 Nd3+ 103. Kf5
Be4+ 104. Kg5 Nc5 105. Kf6 Kf4 106. Ke7 Ke5 107. Kf7 Bf5 108. Kg7 Ne6+ 109. Kf7
Ng5+ 110. Kg7 Be6 111. Kh6 Kf6 112. Kh5 Nf3 113. Kh6 Ne5 114. Kh5 Bc4 115. Kh6
Ng4+ 116. Kh5 Ne5 117. Kh6 Ng4+ 118. Kh5 Kf5 119. Kh4 Kf4 120. Kh5 Bd3 121. Kh4
Ne5 122. Kh5 Nf7 123. Kh4 Be2 124. Kh3 Bf3 125. Kh4 Nd6 126. Kh3 Nf5 127. Kh2
Ke3 128. Kg1 Ke2 129. Kh2 Kf2 130. Kh3 Be2 131. Kh2 Bf1 132. Kh1 Nd4 133. Kh2
Nf3+ 134. Kh1 Bg2# 0-1

[Event "POR-chT 52nd"]
[Site "Vila Nova de Gaia"]
[Date "2010.07.26"]
[Round "3.2"]
[White "Cuenca Jimenez, Jose Fernando"]
[Black "Buhmann, Rainer"]
[Result "1/2-1/2"]
[WhiteElo "2464"]
[BlackElo "2573"]
[PlyCount "26"]
[EventDate "2010.07.24"]
[EventType "team-tourn"]
[EventRounds "9"]
[EventCountry "POR"]
[SourceTitle "EXT 2011"]
[Source "ChessBase"]
[SourceDate "2010.11.26"]
[SourceVersion "1"]
[SourceVersionDate "2010.11.26"]
[SourceQuality "1"]
[WhiteTeam "Faro"]
[BlackTeam "Coimbra"]
[WhiteTeamCountry "POR"]
[BlackTeamCountry "POR"]

1. e4 e5 2. Nf3 Nc6 3. Bb5 Nf6 4. O-O Nxe4 5. d4 Nd6 6. dxe5 Nxb5 7. a4 Nxe5 8.
Nxe5 Nd6 9. Qg4 h5 10. Qh3 Ne4 11. Qf5 Nd6 12. Qh3 Ne4 13. Qf5 Nd6 1/2-1/2

[Event "POR-chT 52nd"]
[Site "Vila Nova de Gaia"]
[Date "2010.07.27"]
[Round "4.6"]
[White "Cuenca Jimenez, Jose Fernando"]
[Black "Johannessen, Leif Erlend"]
[Result "1-0"]
[WhiteElo "2464"]
[BlackElo "2522"]
[PlyCount "51"]
[EventDate "2010.07.24"]
[EventType "team-tourn"]
[EventRounds "9"]
[EventCountry "POR"]
[SourceTitle "EXT 2011"]
[Source "ChessBase"]
[SourceDate "2010.11.26"]
[SourceVersion "1"]
[SourceVersionDate "2010.11.26"]
[SourceQuality "1"]
[WhiteTeam "Faro"]
[BlackTeam "Mata de Benfica"]
[WhiteTeamCountry "POR"]
[BlackTeamCountry "POR"]

1. e4 e6 2. d4 d5 3. Nd2 Nf6 4. e5 Nfd7 5. Bd3 c5 6. c3 Nc6 7. Ne2 cxd4 8. cxd4
f6 9. exf6 Nxf6 10. Nf3 Qc7 11. O-O Bd6 12. Bg5 O-O 13. Rc1 h6 14. Bh4 Nh5 15.
Bb1 g5 16. Bg3 Nxg3 17. Nxg3 Qf7 18. Qd3 Bd7 19. Rce1 a6 20. a4 Nb4 21. Qd1 Be8
22. Qe2 Bxa4 23. Qxe6 Bxg3 24. fxg3 Bb5 25. Qxh6 Bxf1 26. Re5 1-0

[Event "POR-chT 52nd"]
[Site "Vila Nova de Gaia"]
[Date "2010.07.28"]
[Round "5.3"]
[White "Correia, Jose Otavio Jr"]
[Black "Cuenca Jimenez, Jose Fernando"]
[Result "0-1"]
[WhiteElo "1656"]
[BlackElo "2464"]
[PlyCount "90"]
[EventDate "2010.07.24"]
[EventType "team-tourn"]
[EventRounds "9"]
[EventCountry "POR"]
[SourceTitle "EXT 2011"]
[Source "ChessBase"]
[SourceDate "2010.11.26"]
[SourceVersion "1"]
[SourceVersionDate "2010.11.26"]
[SourceQuality "1"]
[WhiteTeam "Santoantoniense"]
[BlackTeam "Faro"]
[WhiteTeamCountry "POR"]
[BlackTeamCountry "POR"]

1. d4 Nf6 2. c4 g6 3. Nc3 Bg7 4. e4 d6 5. Nf3 O-O 6. Be2 Na6 7. a3 e5 8. dxe5
dxe5 9. Qc2 Nd7 10. O-O Nac5 11. Be3 Ne6 12. Rfd1 c6 13. c5 Qf6 14. Rd6 Qe7 15.
b4 Nf6 16. h3 Ne8 17. Rd2 f5 18. Rdd1 f4 19. Bc1 Nd4 20. Nxd4 exd4 21. Bc4+ Kh8
22. Na4 d3 23. Qb1 f3 24. Ra2 fxg2 25. Qxd3 Qh4 26. Kxg2 Bxh3+ 27. Qxh3 Qxe4+
28. Kg1 Qxc4 29. Rad2 Nf6 30. Bb2 Qf7 31. Rd6 Rae8 32. Bxf6 Bxf6 33. Rd7 Re7
34. Rxe7 Bxe7 35. Qg3 Bf6 36. Qh3 Bg7 37. Qg3 Kg8 38. Rb1 Bd4 39. Rf1 Qf5 40.
Nc3 Be5 41. Qh4 Bxc3 42. Qc4+ Qd5 43. Qxc3 Rf3 44. Qc1 Qd4 45. Qg5 Rf4 0-1

[Event "POR-chT 52nd"]
[Site "Vila Nova de Gaia"]
[Date "2010.07.30"]
[Round "7.5"]
[White "Cuenca Jimenez, Jose Fernando"]
[Black "Khodorov, Anatoli"]
[Result "1-0"]
[WhiteElo "2464"]
[BlackElo "2180"]
[PlyCount "91"]
[EventDate "2010.07.24"]
[EventType "team-tourn"]
[EventRounds "9"]
[EventCountry "POR"]
[SourceTitle "EXT 2011"]
[Source "ChessBase"]
[SourceDate "2010.11.26"]
[SourceVersion "1"]
[SourceVersionDate "2010.11.26"]
[SourceQuality "1"]
[WhiteTeam "Faro"]
[BlackTeam "Amiguinhos"]
[WhiteTeamCountry "POR"]
[BlackTeamCountry "POR"]

1. Nf3 Nf6 2. c4 g6 3. Nc3 d5 4. Qa4+ c6 5. cxd5 Nxd5 6. Nxd5 Qxd5 7. e4 Qd8 8.
d4 Bg7 9. Be2 O-O 10. O-O Nd7 11. Rd1 Nb6 12. Qc2 Bg4 13. Be3 Qd6 14. a4 Rac8
15. a5 Na8 16. Qb3 Qb8 17. h3 Bd7 18. Bg5 Nc7 19. Bxe7 Rfe8 20. Qa3 b6 21. Ne5
Bxe5 22. dxe5 Be6 23. Bf6 h6 24. Qg3 bxa5 25. Qh4 Kh7 26. Bg5 Rh8 27. Bc1 Qb4
28. Qxh6+ Kg8 29. Qe3 Nb5 30. f4 a4 31. Bf1 Bb3 32. Rd7 Be6 33. Rd2 Kh7 34. Rf2
Qd4 35. Qxd4 Nxd4 36. Rxa4 Rhd8 37. Be3 c5 38. Rxa7 Nc6 39. Ra3 Rd1 40. Rd3 Rb1
41. Rc3 c4 42. f5 Bd7 43. Bg5 Re1 44. Rf4 gxf5 45. Rh4+ Kg6 46. Rg3 1-0

[Event "POR-chT 52nd"]
[Site "Vila Nova de Gaia"]
[Date "2010.07.31"]
[Round "8.3"]
[White "Silva, Fernando"]
[Black "Cuenca Jimenez, Jose Fernando"]
[Result "1/2-1/2"]
[WhiteElo "2367"]
[BlackElo "2464"]
[PlyCount "91"]
[EventDate "2010.07.24"]
[EventType "team-tourn"]
[EventRounds "9"]
[EventCountry "POR"]
[SourceTitle "EXT 2011"]
[Source "ChessBase"]
[SourceDate "2010.11.26"]
[SourceVersion "1"]
[SourceVersionDate "2010.11.26"]
[SourceQuality "1"]
[WhiteTeam "Alekhine"]
[BlackTeam "Faro"]
[WhiteTeamCountry "POR"]
[BlackTeamCountry "POR"]

1. d4 Nf6 2. Nf3 g6 3. c4 Bg7 4. Nc3 O-O 5. Bf4 d6 6. e3 Nc6 7. Be2 Nd7 8. Bg5
f6 9. Bh4 e5 10. dxe5 dxe5 11. e4 Kh8 12. O-O Nd4 13. Nxd4 exd4 14. Nb5 c5 15.
Bg3 Ne5 16. f4 Nc6 17. f5 Ne5 18. fxg6 hxg6 19. Bxe5 fxe5 20. Rxf8+ Bxf8 21.
Bg4 a6 22. Na3 Qh4 23. Bxc8 Rxc8 24. Qf3 Bh6 25. g3 Qg5 26. h4 Qe3+ 27. Qxe3
Bxe3+ 28. Kg2 Rf8 29. Rf1 Rxf1 30. Kxf1 Bc1 31. Nc2 d3 32. Na1 b5 33. Nb3 bxc4
34. Na5 Bxb2 35. Nxc4 Bd4 36. Ke1 Kg7 37. g4 Bc3+ 38. Kf2 Bd4+ 39. Ke1 Kf6 40.
Kd2 Bf2 41. h5 gxh5 42. gxh5 Bd4 43. Kxd3 Kg5 44. Na5 Kxh5 45. Nc6 Kg4 46. Nb8
1/2-1/2

[Event "POR-chT 52nd"]
[Site "Vila Nova de Gaia"]
[Date "2010.08.01"]
[Round "9.2"]
[White "Cuenca Jimenez, Jose Fernando"]
[Black "Spraggett, Kevin"]
[Result "1/2-1/2"]
[WhiteElo "2464"]
[BlackElo "2575"]
[PlyCount "32"]
[EventDate "2010.07.24"]
[EventType "team-tourn"]
[EventRounds "9"]
[EventCountry "POR"]
[SourceTitle "EXT 2011"]
[Source "ChessBase"]
[SourceDate "2010.11.26"]
[SourceVersion "1"]
[SourceVersionDate "2010.11.26"]
[SourceQuality "1"]
[WhiteTeam "Faro"]
[BlackTeam "Diana"]
[WhiteTeamCountry "POR"]
[BlackTeamCountry "POR"]

1. e4 d6 2. d4 Nf6 3. Nc3 g6 4. Nge2 Bg7 5. g3 O-O 6. Bg2 e5 7. dxe5 dxe5 8.
Qxd8 Rxd8 9. Bg5 c6 10. h3 h6 11. Be3 Bf8 12. O-O Na6 13. Rad1 Re8 14. f4 Nc5
15. Bc1 Na6 16. Be3 Nc5 1/2-1/2

[Event "ESP-chT2 Gr2"]
[Site "Granada"]
[Date "2010.08.05"]
[Round "2"]
[White "Barrero Garcia, Carlos"]
[Black "Cuenca Jimenez, Jose Fernando"]
[Result "0-1"]
[WhiteElo "2406"]
[BlackElo "2464"]
[PlyCount "49"]
[EventDate "2010.08.04"]
[EventType "team-tourn"]
[EventRounds "6"]
[EventCountry "ESP"]
[SourceTitle "CBM 137 Extra"]
[Source "ChessBase"]
[SourceDate "2010.09.01"]
[SourceVersion "1"]
[SourceVersionDate "2010.09.01"]
[SourceQuality "1"]

1. e4 e6 2. d4 d5 3. Nd2 Nc6 4. Ngf3 Nf6 5. e5 Nd7 6. Be2 f6 7. exf6 Nxf6 8.
O-O Bd6 9. c4 O-O 10. c5 Bf4 11. Nb3 Bxc1 12. Nxc1 Ne4 13. Nd3 Ng5 14. Nxg5
Qxg5 15. f4 Qh6 16. Ne5 Rxf4 17. Qa4 Rxf1+ 18. Rxf1 Qe3+ 19. Rf2 Bd7 20. Nxd7
Rd8 21. Ne5 Nxd4 22. Nf7 Nxe2+ 23. Kf1 Nd4 24. g3 Rf8 25. Qd7 0-1

[Event "ESP-chT2 Gr2"]
[Site "Granada"]
[Date "2010.08.05"]
[Round "3"]
[White "Cuenca Jimenez, Jose Fernando"]
[Black "Angel Acosta, Juan Carlos"]
[Result "1/2-1/2"]
[WhiteElo "2464"]
[BlackElo "2160"]
[PlyCount "115"]
[EventDate "2010.08.04"]
[EventType "team-tourn"]
[EventRounds "6"]
[EventCountry "ESP"]
[SourceTitle "CBM 137 Extra"]
[Source "ChessBase"]
[SourceDate "2010.09.01"]
[SourceVersion "1"]
[SourceVersionDate "2010.09.01"]
[SourceQuality "1"]

1. Nf3 Nf6 2. c4 e6 3. Nc3 d5 4. d4 c5 5. cxd5 exd5 6. g3 Nc6 7. Bg2 Be7 8. O-O
O-O 9. Bg5 Be6 10. dxc5 Bxc5 11. Bxf6 Qxf6 12. Nxd5 Qxb2 13. Nc7 Rad8 14. Qc1
Qxc1 15. Raxc1 Bb6 16. Nxe6 fxe6 17. e3 h6 18. Rc3 Rd6 19. a4 Rfd8 20. Bh3 g5
21. Bg4 Kg7 22. Bh5 Kf6 23. Kg2 e5 24. Rc4 Rd5 25. h4 Rc5 26. Rg4 Rc2 27. hxg5+
hxg5 28. Nxg5 Bxe3 29. Ne4+ Ke6 30. Rg7 Rf8 31. Rxb7 Na5 32. Rb5 Nc4 33. Bg4+
Ke7 34. Rb7+ Kd8 35. Rd7+ Ke8 36. Rc7 Kd8 37. Rc8+ Ke7 38. Rxf8 Kxf8 39. Re1
Bd4 40. Re2 Rc1 41. Be6 Ke7 42. Bg8 Kf8 43. Bxc4 Rxc4 44. Ra2 Ke7 45. f3 Rb4
46. Kh3 a5 47. Kg4 Ke6 48. Ra3 Bb2 49. Ra2 Bd4 50. Kg5 Rb3 51. f4 exf4 52. gxf4
Kd5 53. Kf5 Rb4 54. Ng3 Bb2 55. Kg6 Kc4 56. f5 Kb3 57. Rxb2+ Kxb2 58. Nh5
1/2-1/2

[Event "ESP-chT2 Gr2"]
[Site "Granada"]
[Date "2010.08.06"]
[Round "4"]
[White "Bolado Saez, Sergio"]
[Black "Cuenca Jimenez, Jose Fernando"]
[Result "0-1"]
[WhiteElo "2308"]
[BlackElo "2464"]
[PlyCount "64"]
[EventDate "2010.08.04"]
[EventType "team-tourn"]
[EventRounds "6"]
[EventCountry "ESP"]
[SourceTitle "CBM 137 Extra"]
[Source "ChessBase"]
[SourceDate "2010.09.01"]
[SourceVersion "1"]
[SourceVersionDate "2010.09.01"]
[SourceQuality "1"]

1. d4 d6 2. Nf3 Nf6 3. c4 g6 4. g3 Bg7 5. Bg2 O-O 6. O-O c6 7. Nc3 Qb6 8. h3
Qa6 9. b3 b5 10. cxb5 cxb5 11. Bb2 Bb7 12. e3 Nbd7 13. Re1 b4 14. Ne2 Qb6 15.
Nf4 Be4 16. Bf1 Bb7 17. Bg2 Rfc8 18. d5 Nc5 19. Nd2 Ba6 20. Bd4 Nfd7 21. Nc4
Bxc4 22. bxc4 Ne5 23. Bf1 Qa5 24. Kg2 Rab8 25. Qd2 Qa4 26. Rec1 a5 27. Be2 Ne4
28. Qb2 Nc3 29. Qb3 Qd7 30. a4 g5 31. Nh5 Nxe2 32. Nxg7 Kxg7 0-1

[Event "ESP-chT2 Gr2"]
[Site "Granada"]
[Date "2010.08.07"]
[Round "5"]
[White "Cabrera, Alexis"]
[Black "Cuenca Jimenez, Jose Fernando"]
[Result "0-1"]
[WhiteElo "2533"]
[BlackElo "2464"]
[PlyCount "78"]
[EventDate "2010.08.04"]
[EventType "team-tourn"]
[EventRounds "6"]
[EventCountry "ESP"]
[SourceTitle "CBM 137 Extra"]
[Source "ChessBase"]
[SourceDate "2010.09.01"]
[SourceVersion "1"]
[SourceVersionDate "2010.09.01"]
[SourceQuality "1"]

1. d4 d6 2. c4 Nf6 3. Nc3 g6 4. e4 Bg7 5. f3 O-O 6. Nge2 c5 7. d5 e6 8. Ng3
exd5 9. cxd5 h5 10. Be2 a6 11. a4 Nbd7 12. O-O Re8 13. Bg5 Qb6 14. Qd2 Nh7 15.
Bh4 Qb4 16. Kh1 Qd4 17. Qc1 Bf6 18. Rd1 Qe5 19. f4 Qe7 20. Bxf6 Ndxf6 21. e5
dxe5 22. d6 Qe6 23. Nge4 exf4 24. Nxc5 Qf5 25. b4 b6 26. Bf3 Ra7 27. Nb3 Bb7
28. Nd4 Qg5 29. Nc6 Bxc6 30. Bxc6 Rd8 31. Ra2 Ng4 32. Ne4 Qe5 33. Qc3 f5 34.
Qc4+ Kg7 35. Rd5 Qxe4 36. Qc3+ Kh6 37. Ra1 Qe3 38. Qc2 Nf2+ 39. Kg1 Nd3+ 0-1

[Event "ESP-chT2 Gr2"]
[Site "Granada"]
[Date "2010.08.08"]
[Round "6"]
[White "Cuenca Jimenez, Jose Fernando"]
[Black "Valles Moreno, Ivan"]
[Result "0-1"]
[WhiteElo "2464"]
[BlackElo "2394"]
[PlyCount "72"]
[EventDate "2010.08.04"]
[EventType "team-tourn"]
[EventRounds "6"]
[EventCountry "ESP"]
[SourceTitle "CBM 137 Extra"]
[Source "ChessBase"]
[SourceDate "2010.09.01"]
[SourceVersion "1"]
[SourceVersionDate "2010.09.01"]
[SourceQuality "1"]

1. e4 e6 2. d4 d5 3. Nd2 a6 4. Ngf3 Nf6 5. Bd3 c5 6. exd5 Qxd5 7. dxc5 Bxc5 8.
O-O Nc6 9. Qe2 Nb4 10. Bc4 Qh5 11. Ne4 Nxe4 12. Qxe4 Bd7 13. Ne5 Bd6 14. Bf4
Bxe5 15. Bxe5 Bc6 16. Qf4 Nd5 17. Bxd5 Bxd5 18. c4 Bc6 19. Qg3 O-O-O 20. Qe3 f6
21. Bg3 Qf5 22. Rfe1 e5 23. Qc5 h5 24. b4 h4 25. b5 hxg3 26. fxg3 axb5 27. cxb5
Rd5 28. Qa7 Rxb5 29. Rac1 Rd8 30. a4 Rb2 31. Qa8+ Kd7 32. Red1+ Ke6 33. Rxc6+
bxc6 34. Qxc6+ Kf7 35. Qc4+ Kg6 36. Rf1 Rd1 0-1

[Event "Roquetas de Mar op 22nd"]
[Site "Roquetas de Mar"]
[Date "2011.01.03"]
[Round "2"]
[White "Cuenca Jimenez, Jose Fernando"]
[Black "Martinez Lopez, David"]
[Result "1/2-1/2"]
[WhiteElo "2496"]
[BlackElo "2156"]
[PlyCount "118"]
[EventDate "2011.01.02"]
[EventType "swiss"]
[EventRounds "9"]
[EventCountry "ESP"]
[SourceTitle "CBM 140 Extra"]
[Source "ChessBase"]
[SourceDate "2011.03.01"]
[SourceVersion "1"]
[SourceVersionDate "2011.03.01"]
[SourceQuality "1"]

1. Nf3 d5 2. d4 Nf6 3. c4 e6 4. Nc3 Bb4 5. cxd5 exd5 6. Qc2 O-O 7. Bg5 h6 8.
Bxf6 Qxf6 9. a3 Bxc3+ 10. Qxc3 c6 11. e3 Re8 12. Be2 Bg4 13. h3 Bxf3 14. Bxf3
Nd7 15. O-O Nf8 16. b4 Ng6 17. b5 Nh4 18. Bg4 Qg6 19. g3 h5 20. Bd1 cxb5 21.
Bc2 Qg5 22. Qd3 Ng6 23. Rab1 Qe7 24. Rxb5 Qd7 25. Qb3 Ne7 26. Kg2 b6 27. Bd1 g6
28. Bf3 Rad8 29. a4 Qe6 30. a5 bxa5 31. Ra1 a6 32. Rbxa5 Rd6 33. Rc5 Red8 34.
Ra2 Rb6 35. Qd3 Kg7 36. Qc3 Kg8 37. Rca5 Rdd6 38. Qc7 Rbc6 39. Qb8+ Rc8 40. Qb3
Rcc6 41. Qd3 Rb6 42. Rc5 Kg7 43. Qc3 Kg8 44. Raa5 Rb8 45. Qa3 Kg7 46. Qa2 Rdd8
47. Rc7 Rb6 48. Rac5 Rdd6 49. Ra7 Nc6 50. Ra8 Ne7 51. Qa4 Nf5 52. Qa3 Ne7 53.
g4 Qd7 54. Ra5 Qb7 55. Re8 Qd7 56. Ra8 Qb7 57. Re8 Qd7 58. Ra8 Qb7 59. Re8 Qd7
1/2-1/2

[Event "Roquetas de Mar op 22nd"]
[Site "Roquetas de Mar"]
[Date "2011.01.05"]
[Round "7"]
[White "Garcia, Eduardo"]
[Black "Cuenca Jimenez, Jose Fernando"]
[Result "0-1"]
[WhiteElo "2286"]
[BlackElo "2496"]
[PlyCount "131"]
[EventDate "2011.01.02"]
[EventType "swiss"]
[EventRounds "9"]
[EventCountry "ESP"]
[SourceTitle "CBM 140 Extra"]
[Source "ChessBase"]
[SourceDate "2011.03.01"]
[SourceVersion "1"]
[SourceVersionDate "2011.03.01"]
[SourceQuality "1"]

1. e4 e5 2. Nf3 Nc6 3. Bc4 Bc5 4. c3 Nf6 5. d3 O-O 6. Bb3 d6 7. h3 Bb6 8. O-O
Kh8 9. Nbd2 Ng8 10. Nc4 f5 11. Nxb6 axb6 12. Ng5 Qe8 13. exf5 Bxf5 14. g4 Bd7
15. f4 h6 16. Ne4 exf4 17. Bxf4 Be6 18. Qd2 Bxb3 19. axb3 Rxa1 20. Rxa1 Qf7 21.
Rf1 Qxb3 22. g5 Qe6 23. Qg2 Rf7 24. gxh6 gxh6 25. Kh2 Rg7 26. Ng3 Rg6 27. d4
Nce7 28. Qxb7 Nd5 29. Bd2 Ndf6 30. Qf3 b5 31. Re1 Qf7 32. Rf1 Qb3 33. Bc1 Qc2+
34. Qf2 Qd3 35. Qf3 Qc4 36. Rg1 Qe6 37. Qf5 Qe8 38. Rg2 Ne7 39. Qf3 Qf7 40. Rf2
Neg8 41. Nf5 Qh7 42. Nh4 Rg7 43. Qf5 Qxf5 44. Nxf5 Rf7 45. Kg2 Kh7 46. Ne3 Re7
47. Ng4 Nxg4 48. hxg4 Kg6 49. Rf8 Nf6 50. Kf3 Re1 51. Bxh6 Nh7 52. Rc8 Kxh6 53.
Rxc7 Ng5+ 54. Kf2 Rb1 55. b4 Ne4+ 56. Ke3 Re1+ 57. Kf4 Nd2 58. Rb7 Kg6 59. Rxb5
Re4+ 60. Kg3 Re3+ 61. Kg2 Rxc3 62. Rb8 Nc4 63. b5 Rb3 64. Kf2 Kg5 65. Rc8 d5
66. Rg8+ 0-1

[Event "Roquetas de Mar op 22nd"]
[Site "Roquetas de Mar"]
[Date "2011.01.06"]
[Round "8"]
[White "Peralta, Fernando"]
[Black "Cuenca Jimenez, Jose Fernando"]
[Result "1-0"]
[WhiteElo "2603"]
[BlackElo "2496"]
[PlyCount "137"]
[EventDate "2011.01.02"]
[EventType "swiss"]
[EventRounds "9"]
[EventCountry "ESP"]
[SourceTitle "CBM 140 Extra"]
[Source "ChessBase"]
[SourceDate "2011.03.01"]
[SourceVersion "1"]
[SourceVersionDate "2011.03.01"]
[SourceQuality "1"]

1. Nf3 b6 2. c4 Bb7 3. Nc3 e6 4. e3 f5 5. b3 Nf6 6. Bb2 g6 7. d4 Bg7 8. Bd3 O-O
9. O-O Nc6 10. a3 Qe7 11. Qe2 Rae8 12. b4 d6 13. b5 Na5 14. a4 h6 15. Ba3 g5
16. Rac1 Nd7 17. Bb4 g4 18. Nd2 e5 19. Nd5 Qd8 20. dxe5 Bxe5 21. f4 Bd4 22.
Bxf5 Nf6 23. Qd3 Nxd5 24. Bh7+ Kh8 25. Qxd4+ Nf6 26. Bxa5 Kxh7 27. Bc3 Qd7 28.
a5 Ne4 29. axb6 axb6 30. Ra1 Nxd2 31. Qxd2 Be4 32. Ra7 Rf7 33. Bd4 Qe6 34. Rc1
Rfe7 35. Qf2 Rf7 36. Qh4 Ref8 37. Qh5 Qg6 38. Qh4 Qe6 39. Qf2 Qf5 40. Qd2 Qe6
41. Bb2 Re8 42. Qd4 Qf5 43. Rd1 Qe6 44. Qc3 Rfe7 45. Re1 Qf5 46. Qd4 Qe6 47.
Qc3 Qf5 48. Raa1 Rf7 49. Rad1 Rfe7 50. Rd2 Qe6 51. Red1 Rf7 52. c5 dxc5 53. Rd8
Kg6 54. Rxe8 Qxe8 55. Qc4 Bf5 56. Be5 Qe6 57. Qxe6+ Bxe6 58. e4 Bc4 59. Rd8
Bxb5 60. Rg8+ Kh7 61. Rh8+ Kg6 62. Rg8+ Kh5 63. h3 g3 64. Rxg3 Bc6 65. Rg8 Bxe4
66. g4+ Kh4 67. Kh2 h5 68. Bc3 hxg4 69. hxg4 1-0

[Event "Roquetas de Mar op 22nd"]
[Site "Roquetas de Mar"]
[Date "2011.01.06"]
[Round "9"]
[White "Cuenca Jimenez, Jose Fernando"]
[Black "Rioboo de la Riva, Alvaro"]
[Result "1-0"]
[WhiteElo "2496"]
[BlackElo "2178"]
[PlyCount "79"]
[EventDate "2011.01.02"]
[EventType "swiss"]
[EventRounds "9"]
[EventCountry "ESP"]
[SourceTitle "CBM 140 Extra"]
[Source "ChessBase"]
[SourceDate "2011.03.01"]
[SourceVersion "1"]
[SourceVersionDate "2011.03.01"]
[SourceQuality "1"]

1. c4 c5 2. Nc3 Nc6 3. g3 g6 4. Bg2 Bg7 5. a3 Nf6 6. Rb1 a5 7. e4 d6 8. d3 O-O
9. Nge2 h6 10. O-O Nd7 11. Be3 e5 12. Qd2 Kh7 13. Nb5 Nf6 14. h3 Nd4 15. f4
Nxb5 16. cxb5 b6 17. b4 axb4 18. axb4 Nd7 19. f5 cxb4 20. Rxb4 Bb7 21. Nc3 g5
22. Bf3 Bf6 23. Nd1 Nc5 24. Nf2 Ra3 25. Qc2 d5 26. Bxc5 bxc5 27. Rb3 Rxb3 28.
Qxb3 d4 29. Qc4 Be7 30. Ra1 Qb6 31. Ng4 f6 32. Bd1 Bc8 33. Bb3 Bd7 34. Ra6 Qb8
35. b6 h5 36. Ra7 Qd6 37. Qd5 Qxd5 38. Bxd5 Rd8 39. b7 hxg4 40. Ra8 1-0

[Event "Jaen op 21st"]
[Site "Jaen"]
[Date "2011.02.06"]
[Round "1"]
[White "Cuenca Jimenez, Jose Fernando"]
[Black "Plata Fernandez, Diego"]
[Result "1-0"]
[WhiteElo "2496"]
[BlackElo "1790"]
[PlyCount "86"]
[EventDate "2011.02.06"]
[EventType "swiss (rapid)"]
[EventRounds "9"]
[EventCountry "ESP"]
[SourceTitle "CBM 140 Extra"]
[Source "ChessBase"]
[SourceDate "2011.03.01"]
[SourceVersion "1"]
[SourceVersionDate "2011.03.01"]
[SourceQuality "1"]

1. c4 e6 2. Nf3 f5 3. d4 Nf6 4. Nc3 c6 5. Bf4 d5 6. e3 Be7 7. Qc2 O-O 8. Bd3
Ne4 9. g4 Na6 10. a3 Bh4 11. Nxh4 Qxh4 12. gxf5 exf5 13. cxd5 Nxc3 14. Qxc3
cxd5 15. Qb3 Qd8 16. Rg1 Qa5+ 17. Ke2 Rf7 18. Rac1 b6 19. h4 Bd7 20. h5 Ba4 21.
Qc3 Bb5 22. Qxa5 Bxd3+ 23. Kxd3 bxa5 24. Rc6 Nb8 25. Rc8+ Rf8 26. Rxf8+ Kxf8
27. Be5 Nd7 28. Bxg7+ Kf7 29. Bh6 Rb8 30. Kc2 Rg8 31. Rxg8 Kxg8 32. Bg5 Kf7 33.
Kb3 Nf6 34. Ka4 Nxh5 35. Kxa5 Nf6 36. Ka6 Ne4 37. Bh4 Ke6 38. Kxa7 Kd7 39. Kb6
Nd6 40. b3 Ne4 41. a4 Nc3 42. a5 Ne4 43. Bg3 Ke8 1-0

[Event "Jaen op 21st"]
[Site "Jaen"]
[Date "2011.02.06"]
[Round "2"]
[White "Canabate Carmona, Francisco"]
[Black "Cuenca Jimenez, Jose Fernando"]
[Result "0-1"]
[WhiteElo "2030"]
[BlackElo "2496"]
[PlyCount "50"]
[EventDate "2011.02.06"]
[EventType "swiss (rapid)"]
[EventRounds "9"]
[EventCountry "ESP"]
[SourceTitle "CBM 140 Extra"]
[Source "ChessBase"]
[SourceDate "2011.03.01"]
[SourceVersion "1"]
[SourceVersionDate "2011.03.01"]
[SourceQuality "1"]

1. c4 Nf6 2. g3 g6 3. Bg2 Bg7 4. Nc3 O-O 5. e4 d6 6. Nge2 c5 7. O-O Nc6 8. b3
Ne8 9. Bb2 Nc7 10. Rb1 Rb8 11. Nd5 Bxb2 12. Rxb2 Ne6 13. b4 Ned4 14. b5 Nxe2+
15. Qxe2 Nd4 16. Qe3 Be6 17. d3 Bxd5 18. exd5 Qd7 19. Re1 Rbe8 20. f4 e6 21.
Qf2 Kg7 22. Rbb1 e5 23. Rbd1 exf4 24. Qxf4 Ne2+ 25. Rxe2 Rxe2 0-1